Fundamentals of business mathematics / (Record no. 31917)

MARC details
000 -LEADER
fixed length control field 00835nam a22002297a 4500
005 - DATE AND TIME OF LATEST TRANSACTION
control field 2009111306196.0
008 - FIXED-LENGTH DATA ELEMENTS--GENERAL INFORMATION
fixed length control field 091113t xxu||||| |||| 00| 0 eng d
010 ## - LCCN (DPL NO)
LC control number ENG-95489
020 ## - INTERNATIONAL STANDARD BOOK NUMBER
International Standard Book Number 8124100543
Terms of availability 595.00
035 ## - SYSTEM CONTROL NUMBER
System control number EN-79022
037 ## - SOURCE OF ACQUISITION
Source of stock number/acquisition DBAD/PUB
040 ## - CATALOGING SOURCE
Original cataloging agency DPL
082 ## - DEWEY DECIMAL CLASSIFICATION NUMBER
Classification number 510.24658
100 ## - MAIN ENTRY--PERSONAL NAME
Personal name Prasad, Bindra
245 ## - TITLE STATEMENT
Title Fundamentals of business mathematics /
Statement of responsibility, etc by Bindra Prasad and P.K. Mittal
260 ## - PUBLICATION, DISTRIBUTION, ETC. (IMPRINT)
Place of publication, distribution, etc New Delhi
Name of publisher, distributor, etc Har-Anand Publicctions Pvt. Ltd.
Date of publication, distribution, etc 2010
270 ## - ADDRESS
Address E-49/3,Okhla Industrial Area, Phase - II
City New Delhi
Postal code 110020
300 ## - PHYSICAL DESCRIPTION
Extent 677p.;
Dimensions 22 cm.(Pbk)
700 ## - ADDED ENTRY--PERSONAL NAME
Personal name Mittal, P.K.
942 ## - ADDED ENTRY ELEMENTS (KOHA)
Source of classification or shelving scheme Dewey Decimal Classification
Item type English Books
Call number suffix PRA
Classification part 510.24658
Holdings
Withdrawn status Lost status Source of classification or shelving scheme Materials specified (bound volume or other part) Damaged status Not for loan Collection code Home library Current library Date acquired Source of acquisition Cost, normal purchase price Total Checkouts Full call number Barcode Date last seen Copy number Cost, replacement price Koha item type
    Dewey Decimal Classification Hb   Not For Loan Non-fiction D.B.Act.Division D.B.Act.Division 18/11/2009 DBAD / PUB 595.00   PRA EN-79022 18/11/2009 1 595.00 English Books

© Delhi Public Library
Hit Counter
free hit counter